000 00371nam a2200157Ia 4500
008 230312s9999||||xx |||||||||||||| ||und||
020 _a0-13-062298-2
082 _a005.86
_bMCB-S
100 _afrank Mcbath
245 0 _aSQL Server
260 _bPrentice Hall
_aUSA
_c2002
300 _a2925
546 _aEng.
650 _aComputer
_vtools and techniques
942 _cBK
999 _c2921
_d2921